Teritoriálna a komoditná štruktúra zahraničného obchodu Slovenskej republiky s agrokomoditami bakalárska práca

Na minha lista:
Detalhes bibliográficos
Autor principal: Vrťová, Katarína
Autor Corporativo: Obchodná fakulta EU. Katedra medzinárodného obchodu
Outros Autores: Obedová, Martina
Formato: Livro
Idioma:eslovaco
Publicado em: Bratislava 2009
Tags: Adicionar Tag
Sem tags, seja o primeiro a adicionar uma tag!

MARC

LEADER 00000nam$a2200000$$$4500
001 0104331
005 20240318133905.4
041 0 |a slo 
044 |a SK 
245 1 0 |a Teritoriálna a komoditná štruktúra zahraničného obchodu Slovenskej republiky s agrokomoditami  |b bakalárska práca  |c Katarína Vrťová ; škol. Martina Obedová 
264 1 |a Bratislava  |c 2009 
300 |a 61 s. 
100 1 |a Vrťová, Katarína 
700 1 |a Obedová, Martina 
710 2 |a Obchodná fakulta EU. Katedra medzinárodného obchodu